00494nmm a2200169Ia 4500008004100000020001800041041000800059100003300067245001700100264007600117300001800193490001400211650002400225856005100249942000700300999001700307251105s9999||||xx |||||||||||||||||und|| a9788471486127 aspa aBustillo Castresana, Joxerra 0aMal de manos a[Madrid, España] :bElkar, c[Fecha de publicación no identificada] a192 páginas aNarrativa aThriller & Suspense uhttps://public.digitaliapublishing.com/a/98290 cCF c84827d84827